Time por Escudo - Jupiler Pro League 23/34 - Statistics

Estatísticas Gerais
  • Esse quiz foi jogado 33 vezes
  • A pontuação média é 7 de 16
Estatísticas das Respostas
Imagem Resposta % Correto
Club Brugge
100%
Genk
94%
Anderlecht
84%
Gent
84%
Royal Antwerp
81%
Union SG
59%
Cercle Brugge
47%
Charleroi
31%
Eupen
28%
Standard de Liège
25%
Mechelen
19%
Sint-Truiden
16%
OH Leuven
9%
Westerlo
9%
Kortrijk
6%
RWD Molenbeek
6%
Nenhum quiz correspondente encontrado
Distribuição das Pontuações
Porcentagem de Pessoas com Cada Pontuação
Percentil de Números Respondidos
Sua Pontuação Histórica
Você não jogou esse quiz